| 000 | 00687nam a22002417a 4500 | ||
|---|---|---|---|
| 003 | UA-OsUOA | ||
| 001 | 28874 | ||
| 007 | ta | ||
| 008 | 20050511b un ||||| |||| 00| 0 ukr d | ||
| 090 |
_a342.53(075.8) _bК65 |
||
| 942 | _cBK | ||
| 040 |
_aUA-OsUOA _bukr _cUA-OsUOA _dUA-OsUOA |
||
| 245 |
_aКонституційне право України _bХрестоматія. Навч. посіб. _cУпоряд. В. С.Журавський Ю. М.Тодика |
||
| 300 | _a884 с. | ||
| 955 | _a0 | ||
| 041 | _aukr | ||
| 080 | _a342.53(075.8) | ||
| 020 | _a966-313-052-0 | ||
| 260 |
_aК. _bВидавничий дім _c2003 |
||
| 044 | _aUA | ||
| 650 | 7 | _2UDC | |
| 999 |
_c315247 _d315247 |
||